| 000 | 00773nam a2200217Ii 4500 | ||
|---|---|---|---|
| 003 | JO-AjNU | ||
| 008 | 230605s9999||||xx |||||||||||||| ||und|| | ||
| 017 | _a86/5691 | ||
| 040 |
_aJO-AjNU _bara _erda _cJO-AjNU |
||
| 041 | _aara | ||
| 050 | 1 | 4 | _aBP144.K4264 1986 |
| 100 | 3 |
_aالخياط، عبد العزيز عزت, _eauthor _941237 |
|
| 245 | 0 | 0 | _aالمؤيدات التشريعية نظرية العقوبات |
| 250 | _aط2 | ||
| 264 | 3 | 1 | _aالقاهرة: دار السلام للطباعة والنشر والتوزيع والترجمة، 1986 |
| 300 | _a144ص | ||
| 336 |
_atext _btxt _2rdacontent |
||
| 337 |
_aunmediated _bn _2rdamedia |
||
| 338 |
_avolume _bnc _2rdacarrier |
||
| 650 | 4 |
_aالعقوبات- الفقه الاسلامي- الحدود _941238 |
|
| 999 |
_aA17565 _c21133 _d21133 |
||